Lukács Györgyről - Jugoszláviában
Elmentve itt :
| Szerző: | |
|---|---|
| Adatforrás: | Philobibl |
| Forrásdokumentuma: | Tájékoztató 1987/6., 222-227. p. |
| Dokumentumtípus: | Cikk |
| Nyelv: | magyar |
| LEADER | 00294nab a2200097 c 4500 | ||
|---|---|---|---|
| 001 | bibDOK00004159 | ||
| 005 | 20200924120020.8 | ||
| 008 | 060518s1987 xx hun | ||
| 100 | 1 | |a Tráser László | |
| 245 | 1 | 0 | |a Lukács Györgyről - Jugoszláviában |c Tráser László |
| 773 | 0 | |t Tájékoztató |g 1987/6., 222-227. p. | |